| 000 | 00840nam a2200253 a 4500 | ||
|---|---|---|---|
| 001 | BRCA_1543 | ||
| 005 | 20190320203451.0 | ||
| 008 | 930412s1991 mx-a---##b---#000-0#spa-# | ||
| 020 | _a968643805X | ||
| 040 |
_aDLC _cDLC _dDLC |
||
| 050 | 4 |
_aND259.R5 _b.F38 1991 |
|
| 100 | 1 |
_aFavela, Ramón _9710 |
|
| 245 | 1 | 0 |
_aEl joven e inquieto Diego María Rivera _b(1907-1910) _cRamón Favela. |
| 260 |
_aMéxico _bINBA _c1991 |
||
| 300 |
_a163 p. _bil. (algunas a color) _c29 cm. |
||
| 500 | _aIncluye apéndice | ||
| 504 | _aBibliografía: p. 145-158 | ||
| 600 | 1 | 4 |
_aRivera, Diego _d1886-1957 _vCatálogos _94971 |
| 600 | 1 | 4 |
_aRivera, Diego _d1886-1957 _xViajes _zEuropa _94972 |
| 650 | 1 | 4 |
_aArtistas mexicanos _xPintura _zMéxico _94973 |
| 651 | 4 |
_aEuropa _xDescripción y viajes _94974 |
|
| 700 | 1 |
_aRivera, Diego _d1886-1957 _91330 |
|
| 942 |
_2lcc _cB |
||
| 999 |
_c1388 _d1388 |
||